"Психология самости" Э. Эриксона и логотерапия В. Франкла в управлении персоналом: сравнительный анализ; Актуальные проблемы гуманитарных наук

Podrobná bibliografie
Parent link:Актуальные проблемы гуманитарных наук.— 2013.— [С. 269-271]
Hlavní autor: Прозорова О. Н.
Shrnutí:Заглавие с экрана
Jazyk:ruština
Vydáno: 2013
Edice:Управление человеческими ресурсами
Témata:
On-line přístup:http://www.lib.tpu.ru/fulltext/c/2013/C20/133.pdf
Médium: MixedMaterials Elektronický zdroj Kapitola
KOHA link:https://koha.lib.tpu.ru/cgi-bin/koha/opac-detail.pl?biblionumber=240602

MARC

LEADER 00000naa2a2200000 4500
001 240602
005 20251209093350.0
035 |a (RuTPU)RU\TPU\book\261860 
035 |a RU\TPU\book\261712 
090 |a 240602 
100 |a 20130624d2013 k y0rusy50 ca 
101 0 |a rus 
102 |a RU 
135 |a drcn ---uucaa 
181 0 |a i  
182 0 |a b 
200 1 |a "Психология самости" Э. Эриксона и логотерапия В. Франкла в управлении персоналом: сравнительный анализ  |f О. Н. Прозорова 
203 |a Текст  |c электронный 
215 |a 1 файл(318 Кб) 
225 1 |a Управление человеческими ресурсами 
300 |a Заглавие с экрана 
320 |a [Библиогр.: с. 271 (2 назв.)] 
337 |a Adobe Reader 
463 1 |0 (RuTPU)RU\TPU\book\259431  |t Актуальные проблемы гуманитарных наук  |o сборник научных трудов ХII Международной научно-практической конференции студентов, аспирантов и молодых ученых 3-6 апреля 2013 г., г. Томск  |f Национальный исследовательский Томский политехнический университет (ТПУ)  |v [С. 269-271]  |d 2013 
610 1 |a электронный ресурс 
610 1 |a труды учёных ТПУ 
610 1 |a психосемантика 
610 1 |a психосоциальное развитие 
610 1 |a логотерапия 
610 1 |a сравнительный анализ 
610 1 |a персонал 
700 1 |a Прозорова  |b О. Н. 
801 1 |a RU  |b 63413507  |c 20101016 
801 2 |a RU  |b 63413507  |c 20130624  |g RCR 
856 4 |u http://www.lib.tpu.ru/fulltext/c/2013/C20/133.pdf 
942 |c CF